[Event "EU-ch 6th"]
[Site "Warsaw"]
[Date "2005.06.22"]
[Round "5"]
[White "Gdanski, Jacek"]
[Black "Loeffler, Stefan"]
[Result "1-0"]
[WhiteElo "2544"]
[BlackElo "2429"]
[Annotator "Cox,J"]
[PlyCount "77"]
[EventDate "2005.06.18"]
[EventType "swiss"]
[EventRounds "13"]
[EventCountry "POL"]
[SourceTitle "CBM 108"]
[Source "ChessBase"]
[SourceDate "2005.09.26"]
[SourceVersion "1"]
[SourceVersionDate "2005.09.26"]
[SourceQuality "1"]

1. e4 Nf6 2. e5 Nd5 3. d4 d6 4. Nf3 dxe5 5. Nxe5 c6 6. g3 {A quiet method of
tackling Black's fashionable method of handling the Alekhine.} Nd7 {The usual
tempo gain on which Black's whole ...dxe5 idea is based: White, with his space
advantage, normally wants to retain the knights, but to do that he has to give
Black this development tempo for free.} ({Usually though Black wants to get in
...Bf5 first if possible, so} 6... Bf5 {is the typical alternative, which was
played in Rozentalis-Pajeken, Hamburg 2004} 7. Bg2 Nd7 8. f4 Nxe5 9. fxe5 e6
10. O-O Be7 11. a3 b5 12. Nc3 O-O ({Black doesn't have to sacrifice the pawn
like this; there wasn't anything wrong with} 12... Qd7) 13. Bxd5 cxd5 14. Nxb5
Qb6 15. Nc3 Bg6 16. Rb1 Rfc8 17. Be3 Qc6 18. h4 h5 19. Bd2 Rab8 {Black was
playing up by 300 rating points or so here, but in the game he managed to
demonstrate that his powerful light-squared bishop and queenside pressure was
worth the pawn.}) 7. Nf3 N7f6 {A clumsy-looking way of playing to my mind - it
looks to me as though Black ought either to have played 6...Bf5 or should now
revert to the older method with} (7... g6 8. Bg2 Bg7 9. O-O O-O 10. Re1 {
In van Mil-van der Werf, Leeuwarden 2002, Black now played 10...} a5 {and
found himself in trouble after} ({I suspect} 10... c5 {is best as in
Piza-Miroshnichenko, Komercni Banka 1996, which went on} 11. dxc5 Nxc5 12. Nbd2
Nb4 13. a3 Nc6 {with equality for Black at least}) 11. c4 Nc7 12. Nc3 Nb6 13.
Qb3 Na6 14. Be3 $16 {when the loose b6 knight was a problem. Having said that,
Black does OK with the text move in the game.}) 8. Bg2 Bf5 9. O-O e6 10. a3 Be7
11. c4 Nb6 12. Qb3 Qc8 13. a4 Nbd7 {Black has lost two tempi in a way by
playing ...Nd7 before ...Bf5, since to release the bishop later he had to play
the d7 knight to f6 and then the d5 knight round via b6 to d7 again, whereas
in the normal lines after ...Bf5 and then...Nd7 he can retreat the d5 knight
to f6 when necessary and achieve the same set-up two tempi up. Nonetheless
Black doesn't stand too badly here.} 14. a5 Bd6 {I don't really understand
this move. 14...00 is an obvious alternative.} 15. a6 bxa6 16. Nc3 O-O 17. c5 {
A committal move: something like Re1 was also conceivable.} Bc7 18. Qc4 Nd5 19.
Nh4 Bg4 20. Rxa6 Qb7 21. Re1 Nb8 {Round about here Black doesn't seem to
manage to find a good way to organise his pieces: with the text move he wants
to push the a-pawn and fight for space on the queen's side, but it doesn't
work out. One idea is to reposition the king's bishop somewhere more sensible.
Does Black stand so badly after} (21... Bd8 22. Nf3 Bf6 23. Ne5 Bxe5 24. dxe5
Bf5 25. Ra3 {(...Nxc5 was threatened)} Rfb8 {?}) 22. Ra3 a5 23. Rb3 {I think
Black must have underestimated the influence of this rook along the b-file.}
Qa7 24. h3 Bh5 25. Bd2 Na6 26. Nxd5 {Before the a6 knight can support its
colleague from b4.} exd5 27. Qa4 Rab8 28. Rxb8 Nxb8 29. Nf5 (29. Re7 Rc8 30.
Bf4 f6 31. b4 {was also crushing, although there's nothing wrong with the text.
}) 29... Qb7 30. Bxa5 Bg6 31. Ne7+ Kh8 32. Nxg6+ fxg6 33. Re7 $18 Na6 34. Bb6
h5 35. Bf1 Qb8 36. Qxc6 ({It wasn't too late to have an accident with} 36. Qxa6
Bxg3 37. fxg3 Qxg3+ 38. Bg2 Rf2 {, but the text is easy enough.}) 36... Bxg3
37. Qxg6 Bxf2+ 38. Kg2 Bxd4 39. Qxh5+ 1-0

[Event "Bundesliga 0506"]
[Site "Germany"]
[Date "2005.12.10"]
[Round "5.5"]
[White "Saltaev, Mihail"]
[Black "Rudolph, Johannes"]
[Result "1-0"]
[WhiteElo "2498"]
[BlackElo "2314"]
[Annotator "Cox,J"]
[PlyCount "63"]
[EventDate "2005.10.21"]
[EventType "team-tourn"]
[EventRounds "15"]
[EventCountry "GER"]
[SourceTitle "CBM 111"]
[Source "ChessBase"]
[SourceDate "2006.04.04"]
[SourceVersion "1"]
[SourceVersionDate "2006.04.04"]
[SourceQuality "1"]
[WhiteTeam "Muelheim Nord"]
[BlackTeam "Kirchheim"]
[WhiteTeamCountry "GER"]
[BlackTeamCountry "GER"]

1. e4 Nf6 2. e5 Nd5 3. d4 d6 4. c4 Nb6 5. exd6 cxd6 6. Nc3 g6 7. h3 {White
normally spends this tempo to prevent ...Bg4 in this line these days -
assuming he isn't intending the massively popular Voronezh variation, of
course (7 Be3 Bg7 8 Rc1 00 9 b3).} Bg7 8. Nf3 O-O 9. Be3 (9. Be2 Nc6 10. O-O
Bf5 11. Bg5 {is the main line which seems to be a little out of fashion for
some reason. The text introduces a quite cunning idea which Saltaev has played
before and is clearly something of an expert in.}) 9... Nc6 10. Rc1 {And this
is it; White anticipates the sequence ...d5; c5 Nc4; Bxc4 and doesn't want to
waste a tempo with the f1 bishop before this happens. The rook move also -
rather like the Voronezh - prepares to meet 10...Bf5 with 11 d5, since 11...
Na5 now has no effect with c3 covered, as it can coolly be met with 12 b3.} e5
({The point of White's system is well demonstrated after} 10... d5 11. c5 Nc4
12. Bxc4 dxc4 13. O-O Bf5 {, reaching a position which has also been played
with the rook on a1. British GM Nigel Davies in his 2001 book suggested that
it didn't make much difference, but after} 14. Qa4 e5 (14... Bd3 15. Rfd1 e5
16. d5 Nd4 17. Ne1 {is supposed to be good for White}) 15. Rfd1 exd4 16. Nxd4
Nxd4 17. Bxd4 Bxd4 18. Qxc4 Bxf2+ 19. Kxf2 Qg5 {(this sequence is the main
line with the rook on a1) it seems to me that White must be a little bit
better. The text move is the main alternative and really is more logical.
Black changes course and tries to make both h3 and Rc1 look like slightly less
than optimal moves.}) 11. dxe5 (11. d5 {is a rarer alternative but by no means
a mistake, and indeed in view of the next note probably the most critical.
Black would like to be able to play} Nd4 12. Nxd4 exd4 13. Bxd4 Bh6 {with the
idea of 14 Ra1 Re8+ 15 Be2 Nxc4, but the exchange sacrifice} 14. Be2 Bxc1 15.
Qxc1 {is at least very dangerous and possibly rather good for White. Instead
therefore Black probably has to play 11...Ne7 when 12 Be2 is widely agreed to
be a little better for White, who won very quickly in Serper-Yermolinsky,
blitz, Tilburg 1994, after 12...Nf5 13 Bg5 Bf6 (13...Qc7!?) 14 Bxf6 Qxf6 15
Ne4 Qd8 16 00 Nd7 17 g4 Nh4 18 Nxd6.}) 11... dxe5 (11... Nxe5 12. Nxe5 Bxe5 13.
Be2 Be6 14. b3 d5 {, as in Serper-Yermolinsky, Tilburg rapid 1994, is the
easiest way to equalise - no wonder Serper tried 11 d5 a few hours later.}) 12.
c5 (12. Qxd8 Rxd8 13. c5 {as in the Voronezh is far from stupid: 13...Nd7 14
Bc4 is the main line of the Voronezh with h3 instead of b3, which probably
doesn't make a lot of difference, while} Nd5 14. Nxd5 Rxd5 15. Bc4 {followed
by Nd2 also looks a bit advantageous for White.}) 12... Nd7 13. Bb5 $1 $146 {
A new move and a clever one: to see the idea one needs to look at the
previously played} (13. Bc4 {, when} Qa5 14. a3 (14. O-O Nxc5 15. b4 (15. Nd5
Ne6 {defends}) 15... Nxb4 16. Nd5 {is a position from the Voronezh (there
without h3) where Black has a number of good solutions the cleanest of which is
} Nxd5 17. Qxd5 b6 18. Qxa8 Bb7) 14... e4 15. Nd2 Nxc5 16. b4 Qxa3 17. Bxc5
Bxc3 18. Bxf8 Kxf8 19. b5 {, as in Zagrebelny-Remizov, St Petersburg 1994, and
now Chekhov's} Ne5 20. O-O Bb2 {doesn't seem to be getting White very far at
all.}) 13... Nd4 $6 ({The position is analogous to the Voronezh position in
Rodriguez-Soppe, South America zonal tournament 1998 (so with b3 instead of h3)
.There} 13... e4 {was played but here that can perhaps be met with} 14. Ng5 {
(in Rodriguez-Soppe that would have lost to 14...Bxc3+ 15 Rxc3 Qa5).} ({
Meanwhile} 14. Bxc6 bxc6 15. Nxe4 Ba6 {gives Black some compensation, probably
indeed rather better in the h3 version than the b3 version.})) ({After} 13...
a6 {I think the idea is} 14. Bc4 {Black's 'extra tempo' hurts him after} (14.
Bxc6 bxc6 15. O-O Rb8 {doesn't look terribly wonderful}) 14... Qa5 15. O-O Nxc5
{since} 16. Nd5 {can no longer be met with} Ne6 {in view of} 17. Bb6 {I think
White stands better after 16 Nd5. Having said that though the text leads to a
very miserable position.}) 14. Nxd4 exd4 15. Bxd4 Bxd4 (15... Re8+ 16. Kf1 {
leaves Black pretty much a pawn down for nothing.}) 16. Qxd4 Qg5 {In this way
Black recovers the pawn but White has a strong initiative.} 17. O-O Nxc5 18. f4
Ne6 19. Qe4 Qc5+ 20. Kh1 Qd4 21. Qf3 a6 {Trying to develop with ...b5 and ...
Bb7, but White is too quick.} (21... Qb6 {was possibly a better try, aiming
for ...Nd4 and even contemplating a grab of the b-pawn as compensation for
Black's troubles.} 22. Bc4 Qxb2 23. f5 Nd4 24. Qf4) 22. Ba4 Rb8 23. Rcd1 Qg7
24. f5 gxf5 25. Qxf5 b5 26. Bb3 Bb7 27. Bd5 Kh8 28. Bxb7 Rxb7 29. Ne4 Rc7 30.
Rd3 Rc4 $4 {Losing at once: White was better of course, but after} (30... Qg6 {
the fight went on.}) 31. Rg3 Nd4 ({Did Black miss} 31... Qxb2 32. Qxe6 {
, I wonder - curious if so since 32 Nc3 is also immediately decisive.}) 32. Qh5
{A troublesome game for ....cxd6 fans. 11...Nxe5 seems to be fine, though. 11
d5 might be the real problem.} 1-0

[Event "FIDE World Cup"]
[Site "Khanty-Mansiysk"]
[Date "2005.11.29"]
[Round "1.3"]
[White "Korneev, Oleg"]
[Black "Miroshnichenko, Evgenij"]
[Result "1/2-1/2"]
[WhiteElo "2601"]
[BlackElo "2634"]
[Annotator "Cox,J"]
[PlyCount "54"]
[EventDate "2005.11.27"]
[EventType "k.o."]
[EventRounds "7"]
[EventCountry "RUS"]
[SourceTitle "CBM 111"]
[Source "ChessBase"]
[SourceDate "2006.04.04"]
[SourceVersion "1"]
[SourceVersionDate "2006.04.04"]
[SourceQuality "1"]

1. e4 Nf6 2. e5 Nd5 3. d4 d6 4. Nf3 dxe5 5. Nxe5 c6 6. Bd3 (6. Be2 {and}) (6.
Bc4 {have been more popular (and not}) (6. c4 $6 Nb4 $11 {. The text received
a boost from the game Sutovsky-Carlsen, Rethmynon 2003, quoted below.}) 6...
Nd7 7. O-O g6 $146 (7... Nxe5 8. dxe5 Nb4 9. Be4 Qxd1 10. Rxd1 f5 11. a3 Na6
12. Bf3 g6 13. Nd2 Be6 14. Be2 Nc7 15. Nf3 Bd5 16. Nd4 Bg7 17. c4 Bf7 18. f4 {
was Sutovsky-Carlsen, in which Black subsequently, to coin a phrase, lost like
a child. The text is a novelty, although opening my great work 'Starting Out:
Alekhine's Defence' I see that I proposed it there. Essentially Black reverts
to the way Miles used to play this variation, with ...g6...Bg7 and ...Nc7
followed by ...c5. The more modern approach favoured by German players such as
Luther and Loeffler is to play with...Bf5, ...e6 and ...Be7/d6. However once
the bishop is on d3 the black-square approach gains a good deal more force.})
8. Nf3 {I'm a wee bit surprised to see Korneev play this move, since it leads
to a version of the Miles set-up in which the bishop surely had to be better
at e2. However this position is known from the Scandinavian: 1 e4 d5 2 exd5
Nf6 3 Bb5+ Nd7 4 d4 Nxd5 5 Nf3 c6 6 Bd3 g6 7 00, although I don't know what
evaluation if any theory gives it in that opening.} (8. Nxd7 Bxd7 9. Re1 Bg7
10. c3 O-O 11. Bg5 Re8 12. Nd2 Qc8 13. Nc4 Bf5 14. Be2 {was H.Stefansson-E.
Gausel, Aarhus 2003, in which I see that in the same monograph I proposed} b5
15. Ne3 Nxe3 16. Bxe3 e5 {and said that it was equal, which was perhaps a bit
optimistic, although I still think Black ought to be able to cope.}) 8... Bg7
9. Re1 O-O 10. c4 Nc7 $146 {Black's second novelty of the game, since when
this position has arisen from the Scandinavian} (10... N5f6 {has been
preferred (which can't be the right move).}) 11. Nc3 Nb6 $1 {An excellent and
unobvious way to obtain counterplay.} 12. h3 (12. Be3 Bg4 13. h3 Bxf3 14. Qxf3
e5 {equalises at once}) 12... Ne6 13. c5 (13. Be3 Nxd4 14. Bxd4 Bxd4 15. Nxd4
Qxd4 16. Rxe7 {doesn't achieve very much, as long as Black avoids} Nxc4 $4 17.
Re4 $18 {But the text brings White no advantage either. On this evidence 8 Nf3
isn't very pressing for Black.}) 13... Nd5 14. Bc4 Nxc3 ({Why Black didn't go
for} 14... b6 {at once I'm not sure. I don't see that} 15. Ne4 {or exchanges
on d5 were anything to worry about and in that case why not preserve the
tension?}) 15. bxc3 b6 16. Qb3 ({It seems to me that} 16. cxb6 axb6 17. Ne5 Qd6
18. Qf3 {deserved attention. In view of} Bb7 $4 19. Nxf7 $18 {it's not easy to
defend c6 and I'm not entirely sure what Black can have intended to play. 19...
Ra5 defends the pawn tactically for the moment but after 20 Rb1 it looks as
though Black will be forced into 20...Bxe5. Sometimes in this structure that
isn't too bad a thing, as in a famous game Jiminez-Larsen, but I find it a
little hard to believe it was what Black wanted here.}) 16... bxc5 $11 17. Ba3
Qb6 18. Bxe6 Bxe6 19. Bxc5 Bxb3 20. Bxb6 axb6 21. axb3 e6 22. b4 c5 23. bxc5
bxc5 24. dxc5 Rac8 25. Ne5 Rc7 26. Ra6 Rfc8 27. c6 Bxe5 1/2-1/2

[Event "Riga Tal Memorial"]
[Site "Riga"]
[Date "1995.??.??"]
[Round "4"]
[White "Short, Nigel D"]
[Black "Vaganian, Rafael A"]
[Result "1-0"]
[WhiteElo "2655"]
[BlackElo "2640"]
[Annotator "Dolmatov,S"]
[PlyCount "93"]
[EventDate "1995.04.??"]
[EventType "tourn"]
[EventRounds "11"]
[EventCountry "LAT"]
[EventCategory "17"]
[SourceTitle "CBM 047"]
[Source "ChessBase"]
[SourceDate "1995.08.01"]
[SourceVersion "1"]
[SourceVersionDate "1995.08.01"]
[SourceQuality "1"]

1. e4 Nf6 2. e5 Nd5 3. d4 d6 4. Nf3 dxe5 5. Nxe5 g6 6. Bc4 (6. Be2 Bg7 7. c4
Nb6 8. f4 c5 $132) 6... c6 (6... Be6 7. Nc3 Bg7 8. Ne4 Bxe5 9. dxe5 Nc6 10. Nc5
Ne3 $10) 7. O-O Bg7 8. Bb3 Nd7 9. Nf3 (9. f4 O-O 10. c4 N5f6 11. Nc3 c5 $132)
9... O-O 10. Re1 N7f6 11. h3 e6 12. c4 Ne7 13. Nc3 $14 b6 14. Bf4 Bb7 15. Qe2
Ba6 16. Rad1 $2 (16. Be5 Ned5 17. Qd2 Nxc3 18. Qxc3) (16. Qe3 b5 $132) (16. Qc2
$5 $14) 16... Ned5 17. Be5 Nxc3 18. bxc3 Qe7 $132 19. Qe3 Rfd8 20. c5 Nd5 21.
Bxd5 cxd5 (21... Rxd5 22. Bxg7 (22. Bd6 Rxd6 $5 23. cxd6 Qxd6 $44) 22... Kxg7
23. Ne5 bxc5 24. dxc5 Qxc5 25. Qxc5 Rxc5 26. Rd7 $40) 22. Bxg7 Kxg7 23. Ne5
Rac8 24. cxb6 axb6 $10 25. Rb1 Rd6 26. a4 f6 27. Ng4 Rdc6 $6 (27... g5 28. f4
$40) (27... Kg8 $5 28. Qf4 (28. Qh6 $6 Bd3 $1) 28... Rf8 $132 {/\h5}) 28. Qh6+
Kg8 29. Re3 Rf8 30. Rbe1 $14 Bc8 31. Rf3 e5 $2 (31... Qg7 $2 32. Qf4 e5 33.
dxe5 fxe5 34. Qd2 $5 $40 (34. Qxf8+ Qxf8 35. Rxf8+ Kxf8 36. Rxe5 Bxg4 37. hxg4
Rxc3 38. Rxd5 Rc4 $10)) (31... Rc4 $5 32. Qf4 Kg7 $10) 32. dxe5 Bxg4 33. hxg4
Re6 (33... fxe5 $2 34. Rxe5 $16) 34. Qd2 Rxe5 $16 35. Qxd5+ Rxd5 36. Rxe7 Rd6 (
36... Rf7 37. Re6 $18) 37. Rh3 $1 Ra8 38. Rhxh7 $18 g5 39. Reg7+ Kf8 40. Rf7+
Kg8 41. Rhg7+ Kh8 42. Rg6 Rxa4 43. Rgxf6 Rd1+ 44. Kh2 Rxg4 45. Rxb6 Rh4+ 46.
Kg3 Rd3+ 47. f3 1-0